000
00300cam a22001097a 4500
008
180718b1957 xxu||||| |||| 00| 0 eng d
082
_a
A6x5452 M267t
245
_a
Tanjore district handbook
_c
by B.S. Baliga
260
_a
Madras
_b
Government of Madras
_c
1957
300
_a
464+p.
700
_a
Baliga, B.S.
999
_c
487345
_d
487345